000 00701nam a2200289Ia 4500
005 20260324115745.0
008 008 260324s9999 xx 000 0 eng d
020 _a9780429090882
037 _aEBOOK
040 _aCRL
040 _beng
040 _cCRL
041 _2eng
041 _aeng
084 _qCRL
100 _aYonghui Wu; Jiande Wang
_91154194
245 0 _aData Structure Practice
245 0 _bfor Collegiate Programming Contests and Education
260 _bTaylor and Francis
260 _c2016
365 _a
365 _b210
856 _uhttp://www.taylorfrancis.com/books/9780429090882
942 _cEBOOK
999 _c1746999
_d1746999